[Event "POL-ch 53rd"]
[Site "Brzeg Dolny"]
[Date "1996.??.??"]
[Round "2"]
[White "Bobras, Piotr"]
[Black "Socko, Bartosz"]
[Result "1-0"]
[WhiteElo "2355"]
[BlackElo "2455"]
[Annotator "Hecht,H"]
[PlyCount "99"]
[EventDate "1996.03.09"]
[EventType "tourn"]
[EventRounds "15"]
[EventCountry "POL"]
[EventCategory "9"]
[SourceTitle "CBM 053"]
[Source "ChessBase"]
[SourceDate "1996.08.01"]
[SourceVersion "1"]
[SourceVersionDate "1996.08.01"]
[SourceQuality "1"]

1. e4 e5 2. Nf3 Nc6 3. Bb5 a6 4. Ba4 Nf6 5. O-O Be7 6. Re1 b5 7. Bb3 d6 8. c3
O-O 9. h3 Nb8 10. d4 Nbd7 11. c4 bxc4 12. Bxc4 Bb7 13. Nc3 h6 14. dxe5 Nxe5 15.
Nxe5 dxe5 16. Be3 Qxd1 17. Raxd1 Rfd8 18. f3 Bb4 19. Rxd8+ Rxd8 20. Rd1 Rd6 21.
Rc1 Ba5 22. Na4 Nd7 23. b4 Bb6 24. Nxb6 cxb6 25. Be2 Rc6 26. Rxc6 Bxc6 {
[#] starkes Läuferpaar bei je einem Freibauern und offener Stellung; ab 43.Zug
L+2B vs S+1B} 27. Bxa6 b5 28. a4 bxa4 29. Bc4 Kf8 30. Kf2 Ke7 31. Ke1 a3 32.
Bc1 Nb6 33. Ba2 f5 34. Bxa3 Kf6 35. exf5 Kxf5 36. Bb1+ Ke6 37. Bd3 Nd5 38. b5
Bb7 39. Be4 Bc8 40. Bf8 Nc3 41. Bc6 Bd7 42. Bxg7 Nxb5 43. Bxd7+ Kxd7 44. Bxe5
Ke6 45. f4 h5 46. g4 Na7 47. Kf2 Nc6 48. Bb2 Nb4 49. f5+ Kf7 50. Ke3 1-0

[Event "Southwest Class-ch 8th"]
[Site "Forth Worth"]
[Date "2017.02.20"]
[Round "8"]
[White "Hevia Alejano, Carlos Antonio"]
[Black "Sturt, Raven M"]
[Result "1-0"]
[WhiteElo "2491"]
[BlackElo "2432"]
[Annotator "Hevia,C"]
[PlyCount "99"]
[EventDate "2017.02.16"]
[EventType "swiss"]
[EventRounds "9"]
[EventCountry "USA"]
[SourceTitle "CBM 178"]
[Source "ChessBase"]
[SourceDate "2017.05.14"]
[SourceVersion "1"]
[SourceVersionDate "2017.05.14"]
[SourceQuality "1"]

{During that tournament, I had avoided main lines. Eventually I decided it was
time to change the approach, if I wanted to get a good place.} 1. e4 e5 2. Nf3
Nc6 3. Bb5 a6 4. Ba4 Nf6 5. O-O Be7 6. Re1 b5 7. Bb3 d6 8. c3 O-O 9. h3 Nb8 {
This came as a surprise to me, I didn't remember any Breyer System when I
looked through my opponent's games. Though, I was happy because I had a good
score against this system.} 10. d4 Nbd7 11. Nbd2 Bb7 12. Bc2 Re8 13. Nf1 Bf8
14. Ng3 g6 15. a4 c5 16. d5 c4 17. Bg5 Nc5 (17... h6 {is pretty common but
after} 18. Be3 Nc5 19. Qd2 h5 20. Bxc5 dxc5 21. Reb1 {in recent games, White
hasve proved his position is much more pleasant to play.}) 18. Qd2 {There are
several ways to play against the Breyer but I think this setup is the most
annoying and solid. White has a small but firm advantage due to the space in
the centre. Normally, the problem with Black's position, besides the lack of
space, is his bishop on b7. Compared with the white bishop on c2, which is
defending the light squares of the queenside and overprotecting the centre (e4)
, the black bishop is useless.} Be7 {With the idea to propose the exchange of
bishops after executing the normal plan for Black, bring the f6-knight to the
queenside (Nd7-b6), the light-squared bishop to d7 and try to get counterplay
in the queenside.} (18... Bg7 {is the other normal move, keeping the
dark-squared bishop Black's castling is safer but White maintains his pressure.
} 19. Ra3 Qe7 20. Rea1 {With a different move order, we get a position I
played in 2015 against Kamil Miton.} Qf8 21. axb5 axb5 22. Ra5 Ra6 23. Rxa6
Bxa6 24. Nh2 {The opened file doesn't grant anything real to White so I
followed a different approach preparing f4 and playing in the kingside.} Nfd7
25. Rf1 Bc8 26. f4 h6 27. f5 {1/2-1/2 (49) Hevia, Carlos - Miton, Kamil
Capablanca Premier 2015. The game got into a complicated position but was a
draw at the end.}) 19. Bh6 {Maybe not the most precise move, but I can always
come back to g5 after ...Bf8.} Nfd7 (19... Bf8 {I think was better.}) 20. Nh2 {
Now I was quite happy with my position because I thought I could create some
threats in the kingside.} Bf8 (20... Nb6 {If Black keeps playing carelessly,
f4 is coming with real chances of a strong attack for White.} 21. axb5 axb5 22.
Rxa8 Bxa8 23. Ng4 Bb7 24. f4 $36) 21. Ng4 Bxh6 22. Qxh6 Qe7 {The queen needs
to go to f8 and defend the castling position's dark squares.} 23. f4 exf4 $6 (
23... Qf8 $142 {leads to a better version of the game.} 24. Qh4 exf4 (24... Qe7
$6 25. Qxe7 Rxe7 26. fxe5 Nxe5 27. Nxe5 Rxe5 28. axb5 axb5 29. Rxa8+ Bxa8 30.
Ra1 Bb7 31. Ra5 Ba6 32. Kf2 $14) 25. Nh6+ Kh8 26. Qxf4 f6 {Black's pieces are
better coordinated than in the game.} 27. Ng4) 24. Qxf4 f6 $2 {This blunder
costs Black a pawn.} (24... Kh8 {was the only move} 25. Rf1 Rf8 26. axb5 axb5
27. Rxa8 Bxa8 28. Qh6 {with the idea of e5 and Nh5} f6 29. h4 Qg7 {Black
should be able to equalise.}) 25. Nh6+ Kh8 (25... Kf8 26. Nhf5 gxf5 27. Nxf5
Qf7 28. Qxd6+ $18) 26. Qxd6 {The move Black missed.} Ne5 $6 {This gives up the
a-file and makes White's play easier.} (26... Qf8 $142) 27. Qxe7 Rxe7 28. axb5
axb5 29. Rxa8+ Bxa8 30. Ra1 $18 {White is a pawn up and his pieces are better
placed. The rest should be a matter of avoiding counterplay. Black's only
chance for counterplay is playing ...f5 and activating his bishop.} Re8 31. Ra5
{I wanted to divert the rook from the centre so f5 wouldn't be strong enough.}
Rb8 32. Ra7 (32. Ng4 Ned7 33. Ne2 f5 34. exf5 gxf5 35. Bxf5 Bxd5 36. Nd4 $18)
32... Bb7 33. Ng4 h5 34. Nxe5 fxe5 35. Kf2 {Black was hoping to close the
position and get some kind of fortress but has too many weaknesses.} Kg7 36.
Nf1 Kf6 37. Nd2 Ra8 38. Rxa8 Bxa8 39. Ke3 Ke7 40. b3 cxb3 41. Nxb3 Nxb3 (41...
Na4 42. Kd2 Bb7 43. Bd3 Ba6 44. h4 $18) 42. Bxb3 {Now the position is
completely winning. The pawn on b5 is weak as well as the pawns on the
kingside, and the bishop needs too many moves to get into play.} Bb7 43. d6+ {
With the idea to create a passed pawn on the kingside which combined with the
b5 weakness gives a clear victory.} (43. h4 {was enough too.} Kd6 (43... Bc8
44. d6+ Kxd6 45. Bf7) 44. Bd1 Bc8 45. g4 hxg4 46. Kf2) 43... Kxd6 44. Bf7 h4 (
44... g5 45. Bxh5 Bc8 46. Bg6 Be6 47. Bf5 Bf7 48. Bg4 {preparing g3-h4-h5} Kc5
49. g3 Kc4 50. Kd2 b4 51. cxb4 Kxb4 52. h4 gxh4 53. gxh4 $18) 45. Bxg6 Kc5 46.
g3 {And the only way to stop the h-pawn is by giving up the bishop.} hxg3 47.
h4 Bc8 48. h5 Be6 49. h6 Bg8 50. Kf3 1-0

[Event "EU-chT (Men) 10th"]
[Site "Debrecen"]
[Date "1992.11.??"]
[Round "7.1"]
[White "Sax, Gyula"]
[Black "Hjartarson, Johann"]
[Result "1/2-1/2"]
[WhiteElo "2600"]
[BlackElo "2580"]
[Annotator "Hjartarson,J"]
[PlyCount "109"]
[EventDate "1992.11.20"]
[EventType "team-swiss"]
[EventRounds "9"]
[EventCountry "HUN"]
[SourceTitle "EU-chT"]
[Source "ChessBase"]
[SourceDate "1999.07.01"]
[SourceVersion "2"]
[SourceVersionDate "1999.07.01"]
[SourceQuality "1"]
[WhiteTeam "Hungary II"]
[BlackTeam "Iceland"]
[WhiteTeamCountry "HUN"]
[BlackTeamCountry "ISL"]

1. e4 e5 2. Nf3 Nc6 3. Bb5 a6 4. Ba4 Nf6 5. O-O Be7 6. Re1 b5 7. Bb3 d6 8. c3
O-O 9. h3 Nb8 10. d4 Nbd7 11. Nbd2 Bb7 12. Bc2 Re8 13. a4 Bf8 14. Bd3 c6 15. b3
g6 16. Bb2 exd4 $1 17. cxd4 d5 18. e5 Nh5 19. g3 (19. Nf1 Nf4 20. Bc2 c5 $10 {
Kuczinski-Balashov, Warsaw 1990}) 19... Ng7 (19... Qb6 $2 20. Ng5 Ng7 (20... h6
$2 21. Nxf7 Kxf7 22. Qg4 $18) 21. Qf3 $16) 20. Nf1 Ne6 21. Qd2 bxa4 (21... Qb6
$2 22. a5 $1 Qa7 23. b4 $16) 22. bxa4 c5 23. N1h2 h5 (23... cxd4 $2 24. Ng4 h5
25. Nh6+ Kg7 26. Nxd4 $16) (23... f5 24. exf6 (24. g4 $2 f4 $15) 24... Nxf6 25.
dxc5 Bxc5 26. Ne5 $14) 24. g4 h4 $1 (24... hxg4 25. Nxg4 cxd4 26. Nxd4 Bg7 27.
Nh6+ $16) 25. g5 Be7 26. Bc1 cxd4 27. Ng4 Ndc5 (27... Kg7 $5 28. Nf6 Rh8 $15)
28. Nf6+ Kg7 29. Rb1 (29. Nxe8+ $32 Qxe8 30. Rb1 Qxa4 $44) 29... Rh8 30. Bb2
Bc6 31. Nxd4 Bxa4 32. Bf1 Rc8 33. Bg2 Nb3 $1 (33... Nxd4 34. Bxd4 Ne6 35. Bb6
Qf8 36. Rec1 $132) 34. Qd1 (34. Nxb3 $2 Bxb3 35. Bxd5 Bxd5 36. Nxd5 Bxg5 $17)
34... Nbxd4 35. Qxa4 Rc4 36. Qd1 (36. Qxa6 $2 Nxg5 $17) 36... Bc5 (36... Bb4 $2
37. Bxd5 $1 Bxe1 38. Bxc4 $16) 37. Bxd5 Rb4 38. Qc1 Qa5 $2 (38... Qe7 $1 39.
Bg2 Qa7 40. Nd5 Rb3 $17) 39. Kh1 Rhb8 40. Bc3 $1 Rxb1 41. Bxa5 Rxc1 42. Rxc1
Rb5 (42... Rb2 $1 43. Bc3 Rc2 $1 $15) 43. Bd2 Nb3 44. Bxb3 Rxb3 45. Rc4 $1 $10
Rxh3+ (45... Bxf2 $2 46. Rc8 Nf8 47. e6 fxe6 48. Bc3 $18) 46. Kg2 Rd3 47. Rxh4
Nf8 48. Ba5 Rd4 $1 49. Rh3 Rf4 50. Ne8+ (50. f3 Ra4 $10) 50... Kg8 51. Nf6+ Kg7
52. Ne8+ Kg8 53. Nf6+ Kg7 54. Ne8+ Kg8 55. Nf6+ 1/2-1/2

[Event "Paleochora op 13th"]
[Site "Paleochora"]
[Date "2020.07.22"]
[Round "6"]
[White "Van Foreest, Lucas"]
[Black "Vlachos, Anatole"]
[Result "0-1"]
[WhiteElo "2535"]
[BlackElo "2401"]
[Annotator "Kapnisis,Spyridon"]
[PlyCount "106"]
[EventDate "2020.07.18"]
[EventType "swiss"]
[EventRounds "9"]
[EventCountry "GRE"]
[SourceTitle "CBM 197 Extra"]
[Source "ChessBase"]
[SourceDate "2020.09.30"]
[SourceVersion "1"]
[SourceVersionDate "2020.09.30"]
[SourceQuality "1"]

{[%evp 0,106,80,4,89,-8,53,-27,-22,-38,-5,-95,-27,-58,-58,-37,-18,-58,-48,-60,
-13,-13,10,-3,8,-25,-9,-15,13,21,24,4,5,5,58,26,31,43,43,57,61,61,55,-26,33,
-27,-27,-33,-14,-14,-5,-6,12,-96,-118,-118,-87,-88,-88,-29,-29,-11,-11,-54,-43,
-28,41,-44,63,-46,-57,-77,-39,-56,-57,-71,-73,-99,-99,-99,-99,-104,-99,-119,
-103,-119,-93,-115,-108,-104,-69,-69,-72,-90,-96,-103,-99,-87,-78,-80,-83,-96,
-76,-83,-78,-78,-47,-87,12]} 1. e4 e5 2. Nf3 Nc6 3. Bb5 a6 4. Ba4 Nf6 5. O-O
Be7 6. Re1 b5 7. Bb3 d6 8. c3 O-O 9. h3 Nb8 10. d4 Nbd7 11. Nbd2 Bb7 12. Bc2
Re8 13. Nf1 Bf8 14. Ng3 g6 15. Bg5 h6 16. Bd2 {[#]} d5 $6 {In this modern
tabiya of the Breyer variation Black tries a rare move which, not unexpectedly,
fails to equalize.} (16... exd4 17. cxd4 c5 {Is an interesting way to play if
Black wants to fight for more than equality.} 18. d5 Bg7 19. Bf4 (19. a4 $5)
19... Qe7 20. a4 Nb6 (20... Nh7 21. Qc1 $14) 21. b3 $13 {1-0 (38) Carlsen,M 
(2861)-Amin,B (2704) Abidjan CIV 2019}) (16... Bg7 {is the standard move.} 17.
Qc1 (17. a4 Nb6 (17... c6 $6 18. axb5 axb5 19. Rxa8 Qxa8 20. Nh4 Qd8 21. Qc1
Kh7 22. Nhf5 $1 $40 {1-0 (28) So,W (2773)-Kamsky,G (2678) Saint Louis USA 2016
White got a very powerful attack and an easy win in one of So's most
impressive victories.}) 18. b3 bxa4 19. bxa4 a5 {[%cal Yb7a6] 0-1 (49)
Atabayev,M (2498)-Abdusattorov,N (2462) Tashkent UZB 2017}) 17... Kh7 18. a4 c5
$5 (18... Nb6 19. axb5 axb5 20. Rxa8 Bxa8 21. b3 Nbd7 {1/2 (34) Leko,P (2691)
-Oparin,G (2609) Linares ESP 2018 Black managed to draw quite easily although
White should be slightly preferable.} (21... Nfd7 $5)) 19. d5 c4 20. Be3 (20.
b4 $5 cxb3 21. Bxb3 Nc5 22. Bc2 $14) 20... Qc7 21. Qd2 (21. Nh2 $5 {[%cal
Yh2g4]}) 21... Nc5 22. Ra3 $13 {1-0 (39) Bacrot,E (2671)-Amin,B (2699) Cap
d'Agde FRA 2019}) 17. Nxe5 $1 {From all the available options this is the most
critical.} (17. dxe5 $2 dxe4 $1 {White should already be alert not to end up
worse.} 18. Nxe4 (18. exf6 exf3 19. Be4 Bxe4 20. Nxe4 fxg2 $15) 18... Nxe5 19.
Bf4 (19. Nxf6+ Qxf6 20. Nxe5 Rxe5 21. Rxe5 Qxe5 22. Qg4 Bd6 23. Kf1 $1 $15)
19... Nxf3+ 20. Qxf3 Nxe4 21. Bxe4 Rxe4 $1 22. Rxe4 f5 23. Rd4 Bxf3 24. Rxd8
Rxd8 25. gxf3 g5 (25... c5 $5) 26. Bxc7 Rd2 {[%csl Gd2][%cal Yf8c5] is
unpleasant for White but probably holdable.}) (17. exd5 exd4 {is ok for Black.}
) 17... dxe4 (17... Nxe5 $2 18. dxe5 Nxe4 (18... Rxe5 19. f4 Re8 (19... Rxe4
20. Nxe4 Nxe4 21. Be3 $16 {[%cal Ya2a4]}) 20. e5 $16) 19. Nxe4 dxe4 20. Bxe4
Bxe4 21. Rxe4 Qd5 22. Qe1 $1 $16 {White's extra pawn looks safe and sound.})
18. Bf4 (18. Nxd7 Qxd7 19. Bf4 Qc6 $1 20. Qd2 {is a bit more pleasant for
White since the pawn on e4 is a potential target.} Rad8 (20... Nd5 $6 21. Bxh6
e3 22. Bxe3 Nxc3 23. f3 $16) 21. a4 $14) (18. Ng4 $5 Nxg4 (18... Kh7 19. Bf4
$16) 19. hxg4 Nf6 20. g5 Nh7 $1 21. Bxe4 $14) 18... g5 {Black stops the white
bishop from reaching e5, however, the position of the black king becomes quite
vulnerable.} (18... Nxe5 19. Bxe5 c5 20. a4 $14) (18... e3 19. Rxe3 (19. fxe3
Nxe5 20. Bxe5 Bd6 21. Bxf6 (21. Bf4 $5 Bxf4 22. exf4 Rxe1+ 23. Qxe1 Qd6 24. Qf2
$14) 21... Qxf6 22. Qg4 $14) 19... Nd5 20. Nxf7 $1 Kxf7 21. Rf3 Kg7 (21... Nxf4
22. Rxf4+ Kg7 (22... Kg8 23. Bxg6 $18 {White's attack against the black king
seems unstoppable.}) 23. Qg4 $18) 22. Bxg6 $1 Kxg6 23. Qd3+ Kg7 24. Bxh6+ $1
Kxh6 (24... Kh8 25. Rf7 $18 {[%cal Yd3h7]}) 25. Nf5+ Kh7 26. Nd6+ Kh8 $1 27.
Nf7+ Kg7 28. Nxd8 Raxd8 $14 {Here we have a very rare case where White has a
queen and four pawns for 4 pieces. White should be able to prove an advantage
because of the problems Black has with his king's safety.}) 19. Nxd7 Nxd7 20.
Bd2 {White prefers to keep the e-file open for his rook at the cost of
allowing c5.} (20. Be3 $5 Nf6 21. b3 $1 {[%cal Yc3c4] White will be able to
play c4 and establish control of the important d5 square limiting Black's
counterplay.} Nd5 22. Qd2 $16 {[%cal Yc2e4]}) 20... Nf6 21. Re3 (21. a4 $5 Qd5
(21... Bg7 22. b4 $14) (21... c5 22. axb5 axb5 23. Rxa8 Bxa8 24. dxc5 Bxc5 25.
Be3 $14 {leads to a favourable for White exchange of pieces. Black will be
left with no counterplay defending his weak pawns e4 and b5.} (25. Nf5 $5)) 22.
Bb3 Qd7 23. Nh5 $1 $16) 21... Qd5 $2 {[#]} (21... c5 22. dxc5 (22. Qe2 cxd4 23.
cxd4 Rc8 24. Bxe4 Nxe4 25. Nxe4 Re6 $44) 22... Bxc5 23. Re2 Qc7 24. Be3 Bxe3
25. Rxe3 Rad8 $14) (21... Rc8 $5) 22. f3 $6 (22. Nh5 $1 {The exchange of the
pair of knights would have given a sizable advantage to White since a vital
defensive piece in Black's setup would disappear, making White's attack a lot
easier and stronger.} Nxh5 (22... Nd7 23. f3 $1 exf3 24. Rxf3 $18 {[%csl Rg8]
[%cal Yc2b3]}) (22... Qe6 23. f4 $18) 23. Qxh5 $16 {[%cal Yh3h4,Ye3g3]}) 22...
exf3 23. Rxf3 c5 (23... Qd6 $1 24. Bb3 $5 (24. Qf1 $5 Bxf3 25. Qxf3 $44) 24...
c5 25. Nh5 (25. Nf5 $5 Qb6 26. h4 $13) 25... Bxf3 (25... Nxh5 26. Bxf7+ Kh8 27.
Bxe8 Rxe8 28. Rxf8+ Rxf8 29. Qxh5 cxd4 30. Bxg5 Rg8 $1 31. Qf7 $1 hxg5 32. Qxb7
dxc3 33. bxc3 g4 $11) 26. Qxf3 Bg7 27. Rf1 c4 28. Bc2 Nxh5 29. Qxf7+ Kh8 30.
Qxh5 Rf8 31. Bf5 $44) 24. Qf1 $1 Re6 (24... Bg7 25. Nf5 $16) 25. Qf2 (25. Rf5
$1 Qd6 26. Qf2 $1 $16 {[%cal Ya1f1]}) 25... Rae8 {[#]} 26. Bb3 $2 {White loses
valuable time and surrenders the initiative to Black.} (26. Rf5 $1 Qd8 (26...
Qc6 27. Bxg5 $1 hxg5 28. Rxg5+ Kh8 (28... Bg7 29. Nf5 (29. Rf1 $5) 29... Re2
30. Rxg7+ Kf8 31. Qg3 $18) 29. d5 $1 Nxd5 30. Qxf7 $18 {with multiple mate
threats}) 27. Rf1 Bg7 28. Bxg5 $1 (28. Rxc5 $18) 28... hxg5 29. Rxg5 Kf8 30.
Rxg7 $1 Kxg7 31. Nh5+ Kf8 32. Nxf6 $18) (26. Rf1 $5) 26... c4 27. Bc2 Bd6 $1 {
[#]} 28. Rf1 $2 (28. Rf5 $1 Bxg3 $1 29. Qxg3 Qd6 30. Bf4 Qb6 31. Bxg5 hxg5 32.
Qxg5+ Kf8 33. Raf1 Ke7 34. Re5 $1 Kd8 $1 (34... Kd7 $2 35. Rxe6 Rxe6 36. Bf5
$18) 35. Rxe6 Rxe6 36. h4 $1 $44 {[%cal Yc2f5]}) 28... Bxg3 {Black correctly
eliminates White's knight on g3 so that his rooks get access to the important
second rank and the e2 square.} (28... Bc7 $5 {with the idea of Qd6} 29. Bf5 (
29. Rf5 Qd6 30. Rxf6 Rxf6 31. Qxf6 Qxf6 32. Rxf6 Bxg3 33. Bd1 Kg7 $17) 29...
Rb6 $15 (29... R6e7 30. Bc2)) 29. Qxg3 Re2 30. R1f2 Rxf2 31. Rxf2 Ne4 $1 32.
Bxe4 Rxe4 $15 {After the massive exchanges that took place in the last 4 moves,
Black is left clearly on top. Black's advantage has mainy to do with his
better placed pieces, the pressure against g2 which makes White's pieces quite
passive while being unable to find an active role for his bishop.} 33. Kh2 (33.
Rf6 Re2 34. Rf2 Rxf2 35. Qxf2 Qe4 $1 36. h4 f6 $17) (33. Qf3 $1 {[%cal Yf3f5,
Yf3f6] It makes sense for White to try exchanging queens since most of the
pressure would be relieved.}) 33... Kh7 34. Rf6 Re2 35. Rf2 Rxf2 36. Qxf2 f5
37. Qe2 Bc6 38. Kg1 (38. b3 $1 {White misses the chance to exchange a pair of
pawns which would have made his defensive job easier.} Kg6 39. bxc4 bxc4 40.
Bc1 f4 $15 {is far from pleasant but still better than the game.}) 38... f4 39.
Kh2 Kg6 40. Kg1 Kf6 (40... h5 $6 41. h4 $1) (40... Qf5 41. a4 $5 f3 42. gxf3
Qxh3 {looks quite threatening but white can still hold.} 43. axb5 axb5 44. f4
$1 $11) 41. Kh2 Kf5 42. Qg4+ Kf6 43. Qe2 a5 44. Kg1 Qe4 $5 (44... Qf5 45. a4 $5
) 45. Qxe4 Bxe4 {[#]} 46. h4 $1 {White correctly tries to exchange as many
pawns as possible.} (46. Kf2 Kf5 47. g4+ $2 (47. Kf1 Bc6 48. Kf2 (48. Be1 $1 a4
(48... h5 49. a3 g4 50. hxg4+ hxg4 51. Bh4 $1 a4 52. g3 $1 $11) 49. a3 Bd5 50.
Bf2 {it seems difficult for Black to make any significant progress.} f3 51.
gxf3 (51. g4+ $2 Ke4 52. Ke1 Kd3 53. Kd1 {[#]} b4 $1 54. axb4 a3 55. bxa3 Kxc3
56. Kc1 (56. b5 Kb2 $19) 56... Bc6 $1 57. d5 Ba4 $19 {[%cal Yc3d3,Yd3e2]
White's passed pawns become irrelevant in typical fashion.}) 51... Kf4 52. h4
$1 Kxf3 53. hxg5 hxg5 54. Be1 Ke3 (54... g4 55. Bh4 $11 {[%cal Yh4e7,Ye7b4,
Yf1g1]}) 55. Bg3 $1 {[%cal Yg3d6]} b4 56. cxb4 $1 Kd3 57. Be1 $1 $11 {[%cal
Ye1c3]}) 48... h5 49. Be1 a4 50. Bd2 Ke4 51. Ke2 g4 52. hxg4 hxg4 53. Be1 g3
$19 {[%cal Yc6e8,Ye8h5]}) 47... fxg3+ 48. Kxg3 Bb7 $1 {Picking the right
square for the bishop is far from obvious.} (48... Bc6 $2 49. d5 $1 Bxd5 50.
Be3 Ke4 51. Bb6 a4 52. a3 $11) (48... Bd5 $2 {stops white's idea of d5 but
leaves the black bishop vulnerable to White's king attack as it is seen in the
long forced variation that follows:} 49. h4 $1 gxh4+ 50. Kxh4 Ke4 51. Bxh6 Kd3
52. Bf8 $1 Kc2 53. Ba3 Kb1 54. Kg4 Kxa2 55. Kf5 Kb3 56. Ke5 Bb7 57. d5 b4 58.
cxb4 axb4 59. Bxb4 Kxb4 60. d6 Bc6 61. Kd4 $11 {...with a draw}) 49. h4 gxh4+
50. Kxh4 Ke4 51. Bxh6 Kd3 52. Bf8 Kc2 53. Ba3 Kb1 $19) (46. Be1 $5 Kf5 47. Bf2
Bd5 48. Kf1) 46... Kf5 47. hxg5 hxg5 {[#]} 48. Kf2 (48. a4 $1 bxa4 49. Be1 $1
Ba8 50. Kf1 Bd5 51. Bf2 $1 {[%cal Yf2e1,Ye1f2]} g4 52. g3 $1 $11) (48. Be1 $1
Bb7 49. Kf1 $1 (49. g3 $2 Ke4 50. gxf4 gxf4 $19 {[%cal Ye4d3]}) (49. Kf2 g4 50.
Kf1 g3 51. Bd2 a4 52. a3 Ke4 53. Ke2 Bd5 54. Bc1 Bf7 55. Kf1 $1 Bh5 56. d5)
49... g4 50. Bh4 $11) 48... Bd5 $1 49. g3 $2 (49. a3 Ke4 50. Ke2 g4 51. Be1 $1
g3 52. Bd2 a4 53. Bc1 $1 (53. Be1 $2 Bf7 54. Bd2 {[#]} b4 $3 {is an excellent
tactical shot} 55. cxb4 (55. axb4 Bh5+ 56. Kf1 f3 $19 {[%cal Ye4c2,Yc2b2]} (
56... Kd3 $2 57. Bxf4 Kc2 58. b5 $1 Bf7 59. Bxg3 Kxb2 60. Bd6 $11)) 55... c3 $1
56. Bxc3 Bc4+ 57. Ke1 f3 58. gxf3+ Ke3 $1 (58... Kxf3 $2 59. d5 $11) 59. d5 g2
60. Bd4+ Kxd4 61. Kf2 Bxd5 $1 (61... Kxd5 $2 {is illogical of course but it
leads to a study like draw} 62. Kxg2 Kd4 63. Kf2 Kd3 64. Ke1 Kc2 65. f4 Bd3 66.
Kf2 Kxb2 67. Ke3 Kc3 68. Kf3 $11) 62. Kxg2 Kc4 $19) 53... Bf7 54. Kf1 $1 {
and I cannot see any progress for Black.} (54. Bd2 b4 $3) 54... b4 55. cxb4 Kd3
(55... Bd5 56. Bd2 Kd3 57. Be1 $1 (57. Bc3 $2 Bxg2+ $1 58. Kxg2 Ke2 $19) 57...
Kc2 (57... c3 58. bxc3 Kc2 59. b5 Kb3 60. Bd2 Kxa3 61. Bxf4 Kb2 62. Bd6 a3 63.
Bxa3+ Kxa3 $11 {Black will collect all white pawns on the queenside but still
we will have a theoretical draw.}) 58. Bc3 $11) 56. Bxf4 Bd5 57. Bxg3 Kc2 58.
Ke2 Kxb2 59. Be1 Kxa3 (59... c3 60. Kd3 c2 61. Bd2 Bxg2 62. Kc4 $11) 60. Bc3
$11) (49. Be1 {is as good as 49.a3}) 49... Ke4 50. gxf4 gxf4 (50... Kd3 $5 51.
Ke1 gxf4 52. Bxf4 Kc2 $19) 51. a3 a4 52. Bc1 f3 53. Bg5 {[#]} b4 $1 {The only
winning move which guarantees that Black will get a decisive second passed
pawn on the queenside to accompany f3. White had seen enough and resigned} (
53... b4 54. axb4 (54. cxb4 Kd3 $19 {White's b2 is doomed}) 54... Kd3 55. b5
Kc2 $19 {[%cal Yc2b2,Ya4a3] Thanks to the Bd5 which takes care of White's
passed pawns and protects f3, Black has all the time to collect all White's
pawns.}) 0-1